[Event "ASEAN-ch U14 Girls 15th"]
[Site "Taipa"]
[Date "2014.06.06"]
[Round "4"]
[White "Amina, Battsooj"]
[Black "Mendoza, Bea"]
[Result "0-1"]
[WhiteElo "1478"]
[BlackElo "1643"]
[PlyCount "136"]
[EventDate "2014.06.04"]
[EventType "swiss"]
[EventRounds "9"]
[EventCountry "MAC"]
[SourceTitle "CBM 160 Extra"]
[Source "ChessBase"]
[SourceDate "2014.07.01"]
[SourceVersion "1"]
[SourceVersionDate "2014.07.01"]
[SourceQuality "1"]

1. e4 e6 2. d3 d5 3. Nd2 c5 4. Ngf3 Nc6 5. g3 b6 6. Bg2 Bb7 7. 0-0 g6 8. Re1 Nge7 9. Nf1 Bg7 10. h4 0-0 11. N1h2 dxe4 12. dxe4 Qxd1 13. Rxd1 Rfd8 14. Nd2 Nd4 15. c3 Ne2+ 16. Kf1 Ba6 17. Ke1 Nxc1 18. Raxc1 Nc6 19. Ndf3 e5 20. Rxd8+ Rxd8 21. Rd1 Bd3 22. Ng1 Bc2 23. Rxd8+ Nxd8 24. Ng4 Nc6 25. Ne3 Bb1 26. a3 Bh6 27. Ke2 Na5 28. Ng4 Bc1 29. b4 cxb4 30. axb4 Nc4 31. Nf6+ Kh8 32. Nd5 a5 33. Kd1 Bb2 34. Bf1 Nd6 35. Nxb6 Bxc3 36. bxa5 Bxa5 37. Nd7 Nxe4 38. Nxe5 Bb6 39. Nxf7+ Kg7 40. Ne5 Bxf2 41. Ne2 Nxg3 42. Ng4 Nxe2 43. Nxf2 Ng3 44. Bh3 Bf5 45. Bg2 Be6 46. Bf3 Nf5 47. h5 g5 48. Ne4 h6 49. Kd2 Nh4 50. Bd1 Bd5 51. Ng3 Kf6 52. Ke1 Nf5 53. Nf1 Ke5 54. Kf2 Kf4 55. Nh2 Ne3 56. Be2 g4 57. Nf1 Nxf1 58. Bxf1 g3+ 59. Kg1 Bf3 60. Bc4 Bxh5 61. Be6 Bg4 62. Bd5 h5 63. Bc6 h4 64. Bd5 h3 65. Bc6 Bf3 66. Bxf3 Kxf3 67. Kh1 g2+ 68. Kg1 Ke2 0-1